000 01610nam0a2200325 4500
001 RU\NLR\BIBL_A\011260260
005 20260525094129.0
010 _a978-5-88422-541-1
_9350
035 _a(NLR Aleph) 011260260
090 _a12211182
_c12211182
100 _a20161031d2016 um y0rusy50 ca
101 0 _arus
102 _aRU
105 _aa|||z|||000zy
200 1 _aПитербаскет и здоровье человека
_fНесмеянов А.А., Хадарцев А.А., Кожемов А.А.
_gпод общ. ред. А.А. Хадарцева
_gЕвроп. акад. естеств. наук (РАЕН)
205 _aИзд. 2-е, испр. и доп.
210 _aТула
_cТППО
_d2016
215 _a213 с.
_cил.
_d20
300 _aНа обороте тит. л. авт.: ... д.м.н., проф. А.А. Несмеянов, д.м.н., проф. А.А. Хадарцев, к.п.н., доц. А.А. Кожемов [и др.]
316 _aС автогр. 1-го авт.
_5NLR
320 _aБиблиогр.: с. 201-208 (114 назв.)
606 1 _aПитербаскет
_2nlr_sh2
_3RU\NLR\AUTH\6601551620
686 1 _aЧ515.66
700 1 _aНесмеянов
_bА. А.
_f1945-
_gАнатолий Александрович
_3RU\NLR\AUTH\770294029
701 1 _aХадарцев
_bА. А.
_f1943-
_gАлександр Агубечирович
_3RU\NLR\AUTH\7727329
701 1 _aКожемов
_bА. А.
_gАслан Аскерханович
942 _cBOOK
980 _aNB